| 000 | 00691nam a22002177a 4500 | ||
|---|---|---|---|
| 999 |
_c5264 _d5264 |
||
| 003 | AR-CdUCM | ||
| 008 | 190312b ||||| |||| 00| 0 spa d | ||
| 020 | _a8439974930 | ||
| 040 |
_aMUNICIPALIDAD PROVINCIAL DEL CUSCO _cBIBLIOTECA MUNICIPAL DEL CUSCO |
||
| 082 |
_a912.85 / _bA87 |
||
| 245 | _aAtlas del Perú y del mundo / | ||
| 260 |
_aEspaña : _bSantillana, _c1977. |
||
| 300 |
_a169 páginas ; _bmapas, fotografías, imágenes. _c26 cm. |
||
| 500 | _aPor el ministerio de educación del Perú | ||
| 505 | _aContenido: Atlas general del Perú y el mundo. | ||
| 650 |
_aAtlas. _93723 |
||
| 650 |
_aPerú. _935 |
||
| 650 |
_aDiversidad _915934 |
||
| 942 |
_2ddc _cLIBROS |
||
| 945 | _awfj | ||